| 000 | 00476cam a2200181ua 4500 | ||
|---|---|---|---|
| 020 | _c90.00 | ||
| 041 |
_aeng _h |
||
| 082 |
_a005.133 _bBOI/UN |
||
| 100 | _aBoillot, Michel . | ||
| 245 |
_aUnderstanding FORTRAN 77 with structured problem solving / _cMichel Boillot. _hTextual Documents |
||
| 250 |
_a1 / _b. |
||
| 260 |
_aMumbai : _bJaico Publishing House , _c1988. |
||
| 300 | _a592 ; . | ||
| 365 | _a90.00 | ||
| 504 | _a | ||
| 942 | _cBK | ||
| 999 |
_c9583 _d9583 |
||